000 01331nam0a2200301 4500
001 RU\NLR\ONL2\10522
005 20251228050847.0
035 _a(NLR Aleph) 009658111
090 _a13506146
_c13506146
100 _a20080815d1952 u y0rusy50 ca
101 0 _aaze
102 _aAZ
105 _aa |||||||||
200 1 _aТохумтәмизләjән машынлар
_fН. В. Алjохин
_gАзССР кэнд тэсэрруфаты наз. Кэнд тэсэр. тэблигаты идарэси
210 _aБакы
_cАзэрнэшр
_d1952
215 _a48 с.
_cил.
_d20
225 1 _aИстеhсалатдан айрымадан кутлеви колхоз кадрлары hазырлаян училлик агротехники курсалар учун дэрс вэсаити
_vбиринчи дэрс или
_i3-чу бурахылыш
541 1 _aМашины для очистки семян
_zrus
606 0 _aСемена
_xОчистка и сортировка
_xМеханизация
_91749247
_3RU\NLR\auth\66783471
686 1 _aП072.49
700 1 _aАлехин
_bН. В.
_gНиколай Васильевич
_4070
801 0 _aRU
_bNLR
_c20080815
_gPSBO
852 _aNLR
_bОНЛ
_jАзерб./2-6276
942 _cBOOK
980 _aONL_RF
980 _aNB